Paroles - Ça ira - Joyce Jonathan - Statistiques

Statistiques générales
  • Ce quiz a été pris 361 fois
  • Le résultat moyen est 365 sur 442
Statistiques - réponses
Réponse % Correct
a
99%
à
99%
c'
99%
d'
98%
j'
98%
J'
98%
ça
97%
es
97%
l'
96%
96%
la
96%
tu
96%
Tu
96%
est
95%
je
95%
Je
95%
me
95%
moi
95%
Moi
95%
Ce
94%
et
94%
Et
94%
n'
94%
pour
94%
qu'
94%
que
94%
pas
93%
toi
93%
de
92%
Dis
92%
dis
92%
mes
92%
ira
91%
te
91%
ai
90%
qui
90%
y'
90%
y
90%
si
89%
Si
89%
au
87%
Au
87%
le
87%
Le
87%
yeux
87%
juste
85%
Juste
85%
fois
84%
première
84%
toute
84%
sais
83%
aimé
82%
aime
82%
celui
82%
comme
82%
jolis
82%
autres
81%
delà
80%
des
80%
heureux
80%
mais
80%
crois
79%
suis
79%
deux
78%
humeurs
78%
il
78%
rendent
78%
rythme
78%
mon
77%
nos
76%
Oh
76%
temps
75%
amoureux
74%
bien
74%
seule
74%
suite
74%
jamais
73%
un
73%
vois
73%
Oh
72%
oh
72%
affaire
71%
aimes
71%
déjà
71%
envie
71%
fera
71%
matins
71%
les
70%
autant
69%
bonheur
69%
doutes
69%
vous
69%
plus
68%
accepter
67%
désirée
67%
début
66%
Pardonne
66%
raisons
66%
passé
65%
peu
65%
plais
65%
rendez
65%
Avec
64%
bonheurs
63%
toujours
63%
oublier
62%
prête
62%
colères
60%
évident
59%
paresses
59%
rencard
58%
importe
57%
on
54%
ta
53%
aies
52%
tes
52%
charmer
51%
aux
49%
beaux
49%
dans
49%
façon
49%
caresses
46%
Ton
45%
monuments
44%
moments
43%
trop
42%
airs
41%
différence
40%
sure
40%
peur
39%
tard
39%
tous
39%
voir
39%
empruntes
38%
pire
38%
vais
38%
aura
37%
paradis
37%
tiroirs
37%
assurés
36%
elle
36%
limites
35%
petits
34%
souvenirs
34%
absence
32%
indécent
30%
regard
30%
chacun
26%
doux
26%
gentillesse
26%
tant
26%
prenons
24%
risques
24%
secret
24%
silences
24%
comprends
22%
promet
20%
Aucun quiz correspondant
Distribution des résultats
% des personnes avec chaque résultat
Percentile par nombre de réponses
Votre historique - résultats
Vous n’avez pas pris ce quiz